000 00918nam a2200241Ia 4500
008 191130s2007##################000#0#eng##
020 _a9781890951726
022 _a2006050156
040 _aACL
_cACL
082 _a346.4012 GRO
100 _aGroebner, Valentin
245 _aWho are you? : identification, deception, and surveillance in early modern Europe
_cValentin Groebner ; translated by Mark Kyburz and John Peck
260 _aBrooklyn, NY
_bZone Books
_c2007
300 _a349 p. : ill. ; 24 cm
500 _aIncludes bibliographical references (p. 261-327) and index
650 _aIdentification cards - Law and legislation - Europe - History
650 _aIdentity (Philosophical concept) - History
650 _aPersonality (Law) - Europe - History
650 _aPersons - Europe - Identification - History
990 _a49b66bd3ac10000c68c38017894fb73e
991 _a292067
999 _c95602
_d95602